Personnages de Friends - Statistiques

Statistiques générales
  • Ce quiz a été pris 112 fois
    107 depuis la dernière actualisation
  • Le résultat moyen est 23 sur 57
Statistiques - réponses
Réponse % Correct
5 Joey
100%
3 Phoebe
100%
1 Rachel
100%
6 Chandler
99%
2 Monica
99%
4 Ross
99%
7 Janice
84%
11 Ben
83%
8 Gunther
78%
14 Emma
77%
12 Carol
73%
16 Richard
70%
10 Jack
67%
13 Susan
67%
35 Emily
64%
19 Mike
63%
43 Ursula
53%
9 Judy
52%
41 Franck jr
49%
39 Julie
48%
21 Tag
44%
27 Amy
42%
45 Erica
40%
18 Paolo
40%
23 Barry
38%
29 David
37%
28 Jill
35%
34 Joshua
32%
37 Paul
32%
15 Charlie
31%
25 Mindy
31%
24 Estelle
28%
42 Alice
27%
33 Kathy
27%
53 Eddie
26%
36 Elizabeth
25%
44 Mark
25%
50 Mona
22%
17 Pete
21%
20 Gavin
16%
57 Nora
16%
38 Will
16%
30 Leonard
14%
56 Charles
11%
22 Garry
11%
46 Robert
10%
54 Allan
7%
31 Joanna
7%
32 Sandra
7%
48 Dina
5%
49 Sophie
5%
51 Jessica
4%
55 Erin
2%
40 Gloria
2%
26 Parker
2%
52 Sandy
2%
47 Mélanie
0%
Aucun quiz correspondant
Distribution des résultats
% des personnes avec chaque résultat
Percentile par nombre de réponses
Votre historique - résultats
Vous n’avez pas pris ce quiz depuis la dernière actualisation